Statistics for Countries that are easily spelt wrong

Click here to take the quiz!

General Stats

  • This quiz has been taken 23 times
  • The average score is 2 of 5

Answer Stats

Country% Correct
Kyrgyzstan
74%
Kazakhstan
53%
Djibouti
37%
Philippines
16%
Guatemala
5%

Score Distribution

Percentile by Number Answered

Percent of People with Each Score

Your Score History

You have not taken this quiz